| 000 | 00422nam a2200181 a 4500 | ||
|---|---|---|---|
| 001 | 0489 | ||
| 005 | 20140414131927.0 | ||
| 008 | 040117s19uu xx 00 eng d | ||
| 020 | _a0-7214-1877-5 | ||
| 050 |
_aER _bT48 1997 |
||
| 100 | _aClark, Lesley | ||
| 245 |
_aTime / _cLesley Clark. |
||
| 260 |
_aU.K : _bLadybird, _c1997. |
||
| 300 | _ap. ; cm. | ||
| 440 | _aFirst steps | ||
| 999 |
_c112096 _d112096 |
||